| 000 | 00964nam a22002777a 4500 | ||
|---|---|---|---|
| 999 |
_c29462 _d29433 |
||
| 003 | EG-ScBUE | ||
| 005 | 20210923094634.0 | ||
| 008 | 210923s2002 ua f b 000 0 ara d | ||
| 017 | _a2002/7581 | ||
| 020 | _a9775902789 | ||
| 040 |
_aEG-ScBUE _bara _erda _cEG-ScBUE _dEG-ScBUE |
||
| 082 | 0 | 4 |
_a700 _bس ي د _222 |
| 100 | 1 |
_aالسيد، عبد الرازق محمد، _eمؤلف. |
|
| 245 | 1 | 0 |
_aفنون حديثة ومعاصرة / _cالأستاذ الدكتورعبد الرازق محمد السيد. |
| 264 | 1 |
_a[القاهرة] : _bألف باء، _c[2002] |
|
| 300 |
_a330 صفحة ؛ _c24 سم |
||
| 336 |
_2rdacontent _aنص _btxt |
||
| 337 |
_2rdamedia _aبدون وسيط _bn |
||
| 338 |
_2rdacarrier _aمجلد _bnc |
||
| 504 | _aيشتمل على إرجاعات ببليوجرافية. | ||
| 541 | _cDonation. | ||
| 650 | 7 |
_aالفنون الجميلة. _2BUEsh |
|
| 653 |
_bART _cSeptember2021 |
||
| 655 |
_vReading book _934232 |
||
| 942 | _2ddc | ||